[Event "Isle of Wight op-B"]
[Site "Ryde"]
[Date "2024.04.20"]
[Round "2"]
[White "Sutherland, James As"]
[Black "Edney, Richard H"]
[Result "1-0"]
[WhiteElo "1627"]
[BlackElo "1837"]
[PlyCount "79"]
[EventDate "2024.04.19"]
[EventType "swiss"]
[EventRounds "5"]
[EventCountry "ENG"]
[SourceTitle "EXT 2025"]
[Source "ChessBase"]
[SourceDate "2024.10.14"]
[SourceVersion "1"]
[SourceVersionDate "2024.10.14"]
[SourceQuality "1"]

1. b4 e5 2. Bb2 Bxb4 3. Bxe5 Nf6 4. Nf3 Nc6 5. Bb2 0-0 6. e3 d6 7. Be2 Qe7 8. 0-0 Bg4 9. d3 Rfe8 10. Nbd2 h6 11. a3 Ba5 12. Nc4 Bb6 13. Nxb6 axb6 14. Re1 Ne5 15. Nxe5 Bxe2 16. Qxe2 dxe5 17. e4 Qc5 18. c4 Nd7 19. Kh1 Nf8 20. Rf1 Ne6 21. g3 Nd4 22. Bxd4 Qxd4 23. Ra2 Red8 24. Rd1 Qc5 25. Qb2 Ra5 26. a4 Rda8 27. Rda1 Qd4 28. Qc2 c6 29. Kg2 b5 30. cxb5 cxb5 31. axb5 Rxa2 32. Rxa2 Rxa2 33. Qxa2 Qd7 34. Qc4 Kh7 35. b6 f6 36. Qc7 Qxd3 37. Qxb7 f5 38. Qd5 fxe4 39. Qxd3 exd3 40. Kf1 1-0